00833nam a22001937a 4500003000200000005001700002008004100019050002600060100002500086245016600111260007100277300002900348500008200377504005800459650002300517650002300540650004000563650003600603020250201150835.0250201b xxu||||| |||| 00| 0 eng d aHF 5415.525bR49 2023 aReyes, Arveegail C.  aFactors that contribute to customers loyalty on the beauty care services as perceived by selected beauty salon on customers in Las Pinas CitycArveegail C. Reyes aLas Pinas CitybSouthville International School and Collegesc2023 aix, 129 pages ; c28cm.  aBachelor of Science in Business Administration Major in Marketing Management. aIncludes bibliographical references and appendices.  aCustomer loyalty . aConsumer behavior. aBeauty salons—Customer relations. aService industries—Marketing.